00555nam a2200181 a 450000100060000000300090000600800410001504000280005608200130008410000270009724500470012426000360017130000120020765000320021965000350025165000370028665000500032311595CO-ViMGA141112s2004 ck r 000 u spa d aCO-ViMGAbspacCO-ViMGA04a987 P62m1 aPocaterra, Jose Rafael10aMemorias de un Venezolano de la decadencia aCaracas, cMonte Avila editores aV.1 V.214aCASTRO CIPRIANO 1856 - 192414aGOMEZ JUAN VICENTE 1857 - 193514aVENEZUELA - HISTORIA 1898 - 191914aVENEZUELA - Política Y GOBIERNO 1898 - 1919